01241 a2200229 4500003000500000005001700005010001600022020001800038040000900056082001700065100002800082245005600110260005300166300003400219505051700253650002500770650002500795650003400820942001200854999001900866952012600885Nust20221129144408.0 a 76005446 a81-203-0149-8 cNust00a621.3815,LEE1 aLee, Samuel C.,910378610aDigital circuits and logic design /cSamuel C. Lee. aEnglewood Cliffs, N.J. :bPrentice-Hall,cc1976. axii, 594 p. :bill. ;c24 cm. aSwitching Algebra And Switching Function (Page-7), Combinational Logic Design (Page-63), Combinational Logic Design Using Integrated Circuits (Page-107), Sequential Integrated Circuits (Page-170), Analysis And Synthesis Of Sequential Circuits (Page-217), Design Of Sequential Circuits Using Sequential Machine Flow Charts (Page-295), Fault Detection And Location In Combinational Circuits (Page-347), Fault Detection And Location In Sequential Circuits (Page-438), Logic Design Using Microprocessors (Page-496). 0aIntegrated circuits. 0aLogic design.917983 0aTelecommunication Engineering 2ddccBK c182187d182187 00102ddc4070aMCSbMCScGENd2016-12-12o621.3815,LEEpMCS28511r2016-12-08w2016-12-12yBKzAlmirah No.33, Shelf No.1